000 002950000a22000970004500
100 1 _aGrogan, Geofrey W.
245 1 0 _aThe basis of Paul's ethics in his kerygmatic theology
300 _aVol. 13, Num. 2 (1995), Páginas 129-147
773 0 _tScottish Bulletin of Evangelical Theology
942 _cANA
999 _c55721
_d55721